|
|
|
|
| LEADER |
00000cam a2200000 7i4500 |
| 001 |
0000004220 |
| 002 |
000004537 |
| 005 |
20081201.0 |
| 020 |
|
|
|a 1557860998
|
| 090 |
0 |
0 |
|a 338.060973
|b LYN
|
| 100 |
1 |
|
|a Lynch, Richard L
|
| 245 |
1 |
0 |
|a Measure up :
|b yardsticks for continuous improvemen t
|c Richard L.Lynch and Kelvin F.Cross
|
| 260 |
|
|
|a Massachusetts :
|b Basil Blackwell Inc ,
|c 1991
|
| 300 |
|
|
|a 213p. ;
|c 21cm.
|
| 650 |
0 |
0 |
|a Business logistics
|z United Stetes
|
| 650 |
0 |
0 |
|a Industrial productivity
|z United States
|
| 650 |
0 |
0 |
|a Quality control
|z United States
|
| 700 |
0 |
|
|a Cross, Kelvin
|
| 999 |
|
|
|a 031227
|b BUKU
|c PINJAMAN
|e PERPUSTAKAAN KOMUNITI PETALING JAYA
|